Essais / (Registro nro. 108704)

Detalles MARC
000 -LEADER
campo de control de longitud fija 00546nam a2200181 4500
001 - NÚMERO DE CONTROL
campo de control 108704
003 - IDENTIFICADOR DE NÚMERO DE CONTROL
campo de control ES-MaACL
005 - FECHA Y HORA DE LA ÚLTIMA TRANSACCIÓN
campo de control 20240501063045.0
007 - CAMPO FIJO DE DESCRIPCIÓN FÍSICA--INFORMACIÓN GENERAL
campo de control de longitud fija t|
008 - DATOS DE LONGITUD FIJA--INFORMACIÓN GENERAL
campo de control de longitud fija 061121s1932 fr r ||||1| fre d
100 1# - ENTRADA PRINCIPAL--NOMBRE DE PERSONA
Nombre de persona Montaigne, Michel de,
Fechas asociadas al nombre 1533-1592
9 (RLIN) 82329
245 10 - MENCIÓN DEL TÍTULO
Título Essais /
Mención de responsabilidad, etc. Michel de Montaigne; texte etabli et annoté par Albert Thibaudet.
260 ## - PUBLICACIÓN, DISTRIBUCIÓN, ETC.
Lugar de publicación, distribución, etc. París :
Nombre del editor, distribuidor, etc. R. Coulouma,
Fecha de publicación, distribución, etc. 1932.
300 ## - DESCRIPCIÓN FÍSICA
Extensión 1089 p. ;
Dimensiones 18 cm.
700 1# - ENTRADA AGREGADA--NOMBRE PERSONAL
Nombre de persona Thibaudet, Albert.
9 (RLIN) 109918
852 ## - LOCALIZACIÓN
Ubicación ES-MaACL
Número de control de estantería B-8426
Existencias
Estatus retirado Estado de pérdida Estado de daño No para préstamo Biblioteca de origen Biblioteca actual Ubicación en estantería Fecha de adquisición Fuente de adquisición Total de préstamos Signatura topográfica completa Código de barras Visto por última vez Precio de reemplazo Tipo de ítem Koha
        Biblioteca del Ateneo de Madrid Biblioteca del Ateneo de Madrid Sala Pardo Bazán 17/01/2008     B-8426 1113429 23/02/2023 23/02/2023 Libro impreso